00953nam a2200265 a 450000100100000000500170001000800410002702000150006804000250008308200190010810000270012724501170015426000800027130000280035150000180037950400280039765000350042565000180046065000470047865000300052565000560055565000280061165000230063965000250066200000534720200929151641.0090819s1989 sp a 000 0 spa d a8400069951 aDO-SdBNPbspacBNPHU a769.946bC315d1 aCarrete Parrondo, Juan10aDifusión de la ciencia en la España ilustrada :bestampas de la Real Calcografía /cJuan Carrete Parrondo. aMadrid, España :bConsejo Superior de Investigación Cientificas,c1989. a396 p. :bil. ;c30 cm. aIncluye notas aBibliográfía : p. 4 4aGrabado españolxColecciones 4aCalcografía 4aGrabadoxHistoriazMadrid (España{Rpara} 4aGrabadoxObras ilustradas 4aArtes gráficasxHistoriazMadrid (España{Rpara} 4aIlustración de libros 4aGrabadoxTécnica 4aGrabadoxImpresión